|
|
|
|
| LEADER |
00000nam a2200000 4500 |
| 001 |
vtls012069827 |
| 003 |
SK-MaSNL |
| 005 |
20260301104159.0 |
| 008 |
210921t1791 gw r 001 0 lat |
| 015 |
|
|
|a SNBHFA1791
|
| 040 |
|
|
|a SNKHF
|b slo
|c SNK
|e rda
|
| 041 |
|
|
|a lat
|a gre
|
| 044 |
|
|
|a gw
|c DE
|
| 072 |
|
7 |
|a 5
|x Prírodné vedy. Matematické vedy
|2 konspekt
|
| 080 |
|
|
|a 5
|2 2011
|
| 100 |
1 |
|
|a Plinius Secundus, Gaius,
|d 23/24-79
|4 aut
|9 113344
|
| 245 |
1 |
0 |
|a Caii Plinii Secvndi Natvralis Historiae
|b Cvm Interpretatione Et Notis Integris Iohannis Hardvini Itemqve Cvm Commentariis Et Adnotationibvs Hermolai, Barbari, Pintiani, Rhenani Gelenii Dalechampii Scaligeri Salmasii Is. Vossii I. F. Gronovii Et Variorvm Recensvit Varietatemqve Lectionis Adiecit Ioh. Georg. Frid. Franzivs
|n Volvmen Decimvm
|
| 264 |
|
3 |
|a Lipsiae
|b Impensis Gvilielmi Gottlob Sommeri
|c A. C. MDCCLXXXXI (1791)
|
| 300 |
|
|
|a 762 strán
|c 21 cm
|
| 336 |
|
|
|a text
|b txt
|2 rdacontent
|
| 337 |
|
|
|a bez média
|b n
|2 rdamedia
|
| 338 |
|
|
|a zväzok
|b nc
|2 rdacarier
|
| 500 |
|
|
|a Kustody, ilustrácie
|
| 504 |
|
|
|a Tlačené vysvetlivky a komentáre pod textom, register
|
| 546 |
|
|
|a Tlač v latinčine, krátke úryvky v gréčtine
|
| 563 |
|
|
|a Väzba pôvodná kožená.
|5 SNK IC 145579/10
|
| 650 |
0 |
7 |
|a prírodné vedy
|2 SNKPH
|9 694
|
| 700 |
1 |
|
|a Hardouin, Jean
|4 cwt
|9 367156
|
| 700 |
1 |
|
|a Barbaro, Ermolao,
|d 1453-1493
|4 cwt
|9 177641
|
| 700 |
1 |
|
|a Franz, Johann Georg Friedrich,
|d 1737-1789
|4 cwt
|9 438340
|
| 700 |
1 |
|
|a Gronovius, Johann Friedrich,
|d 1611-1671
|4 cwt
|9 350882
|
| 710 |
0 |
|
|a Sommer, Wilhelm Gottlob (Lipsko, Nemecko)
|4 prt
|9 442525
|
| 752 |
|
|
|a Nemecko
|d Lipsko
|
| 852 |
|
|
|a snk
|b Aponiovská knižnica
|p IC 145579/10
|
| 958 |
|
|
|a DD
|
| 958 |
|
|
|a ONDV
|
| 999 |
|
|
|c 697442
|d 699372
|
| 952 |
|
|
|t Op. II/131
|a SNK
|b SNK
|c SNK_HF
|y PREZ
|7 0
|p 17A1397170
|o snkIC 145579/10
|i snk2021/13299
|8 5
|0 0
|1 0
|4 0
|d 2021-09-21
|l 0
|r 2026-02-23 20:46:37
|w 2026-02-23
|